000 00977pam a2200277 a 4500
999 _c8132
_d8132
001 613534
003 GBCCL
005 20241126110644.0
008 920417s1992 miu b 001 0 eng
010 _a 92000468
020 _a0801038499 (pbk.)
040 _aDLC
_cDLC
_dDLC
050 0 0 _aBV637
_b.D5 1992
082 0 0 _a253.091732
_220
_bGRE
245 0 0 _aDiscipling the city :
_ba comprehensive approach to urban mission /
_cRoger S. Greenway, editor.
250 _a2nd ed.
260 _aGrand Rapids, Mich. :
_bBaker Book House,
_cc1992.
300 _a302 p. ;
_c23 cm.
504 _aIncludes bibliographical references (p. 279-292) and index.
650 0 _aCity churches.
_92402
650 0 _aCity missions.
_94738
700 1 _aGreenway, Roger S.
_914173
906 _a7
_bcbc
_corignew
_d1
_eocip
_f19
_gy-gencatlg
942 _2ddc
_cBK
_013